<?xml version="1.0" encoding="UTF-8"?>
<record
    xmlns:xsi="http://www.w3.org/2001/XMLSchema-instance"
    xsi:schemaLocation="http://www.loc.gov/MARC21/slim http://www.loc.gov/standards/marcxml/schema/MARC21slim.xsd"
    xmlns="http://www.loc.gov/MARC21/slim">

  <leader>01972nam0a22003731  4500</leader>
  <controlfield tag="001">rc\3147103</controlfield>
  <controlfield tag="005">20260407113747.0</controlfield>
  <datafield tag="021" ind1=" " ind2=" ">
    <subfield code="a">RU</subfield>
    <subfield code="b">[75-30036]</subfield>
  </datafield>
  <datafield tag="035" ind1=" " ind2=" ">
    <subfield code="a">(NLR Aleph) 007320642</subfield>
  </datafield>
  <datafield tag="090" ind1=" " ind2=" ">
    <subfield code="a">5906131</subfield>
    <subfield code="c">5906131</subfield>
  </datafield>
  <datafield tag="100" ind1=" " ind2=" ">
    <subfield code="a">20120615d1975    |||y0rusy50      ca</subfield>
  </datafield>
  <datafield tag="101" ind1="0" ind2=" ">
    <subfield code="a">rus</subfield>
  </datafield>
  <datafield tag="102" ind1=" " ind2=" ">
    <subfield code="a">RU</subfield>
  </datafield>
  <datafield tag="105" ind1=" " ind2=" ">
    <subfield code="a">y   z   |||||</subfield>
  </datafield>
  <datafield tag="200" ind1="1" ind2=" ">
    <subfield code="a">&#x41A;&#x43E;&#x43C;&#x43C;&#x443;&#x43D;&#x438;&#x441;&#x442;&#x438;&#x447;&#x435;&#x441;&#x43A;&#x430;&#x44F; &#x43F;&#x430;&#x440;&#x442;&#x438;&#x44F; &#x422;&#x443;&#x440;&#x43A;&#x43C;&#x435;&#x43D;&#x438;&#x441;&#x442;&#x430;&#x43D;&#x430; &#x432; &#x446;&#x438;&#x444;&#x440;&#x430;&#x445; (1924-1974)</subfield>
    <subfield code="e">&#x421;&#x442;&#x430;&#x442;. &#x441;&#x431;&#x43E;&#x440;&#x43D;&#x438;&#x43A;</subfield>
    <subfield code="f">&#x418;&#x43D;-&#x442; &#x438;&#x441;&#x442;&#x43E;&#x440;&#x438;&#x438; &#x43F;&#x430;&#x440;&#x442;&#x438;&#x438; &#x43F;&#x440;&#x438; &#x426;&#x41A; &#x41A;&#x41F; &#x422;&#x443;&#x440;&#x43A;&#x43C;&#x435;&#x43D;&#x438;&#x441;&#x442;&#x430;&#x43D;&#x430; - &#x444;&#x438;&#x43B;&#x438;&#x430;&#x43B; &#x418;&#x43D;-&#x442;&#x430; &#x43C;&#x430;&#x440;&#x43A;&#x441;&#x438;&#x437;&#x43C;&#x430;-&#x43B;&#x435;&#x43D;&#x438;&#x43D;&#x438;&#x437;&#x43C;&#x430; &#x43F;&#x440;&#x438; &#x426;&#x41A; &#x41A;&#x41F;&#x421;&#x421;</subfield>
  </datafield>
  <datafield tag="210" ind1=" " ind2=" ">
    <subfield code="a">&#x410;&#x448;&#x445;&#x430;&#x431;&#x430;&#x434;</subfield>
    <subfield code="c">&#x422;&#x443;&#x440;&#x43A;&#x43C;&#x435;&#x43D;&#x438;&#x441;&#x442;&#x430;&#x43D;</subfield>
    <subfield code="d">1975</subfield>
  </datafield>
  <datafield tag="215" ind1=" " ind2=" ">
    <subfield code="a">266 &#x441;.</subfield>
    <subfield code="d">22</subfield>
  </datafield>
  <datafield tag="225" ind1="1" ind2=" ">
    <subfield code="a">[&#x41F;&#x43E;&#x441;&#x432;&#x44F;&#x449;&#x430;&#x435;&#x442;&#x441;&#x44F; 50-&#x43B;&#x435;&#x442;&#x438;&#x44E; &#x43E;&#x431;&#x440;&#x430;&#x437;&#x43E;&#x432;&#x430;&#x43D;&#x438;&#x44F; &#x422;&#x421;&#x421;&#x420; &#x438; &#x41A;&#x43E;&#x43C;&#x43F;&#x430;&#x440;&#x442;&#x438;&#x438; &#x422;&#x443;&#x440;&#x43A;&#x43C;&#x435;&#x43D;&#x438;&#x441;&#x442;&#x430;&#x43D;&#x430;]</subfield>
  </datafield>
  <datafield tag="300" ind1=" " ind2=" ">
    <subfield code="a">&#x41D;&#x430; &#x43A;&#x43E;&#x440;&#x435;&#x448;&#x43A;&#x435; &#x437;&#x430;&#x433;&#x43B;.: &#x41A;&#x41F;&#x422; &#x432; &#x446;&#x438;&#x444;&#x440;&#x430;&#x445;</subfield>
  </datafield>
  <datafield tag="300" ind1=" " ind2=" ">
    <subfield code="a">&#x41D;&#x430; &#x43E;&#x431;&#x43E;&#x440;&#x43E;&#x442;&#x435; &#x442;&#x438;&#x442;. &#x43B;. &#x441;&#x43E;&#x441;&#x442;.: &#x410;.&#x410;. &#x41A;&#x43E;&#x440;&#x43E;&#x43B;&#x44C;&#x43A;&#x43E;&#x432;&#x430;, &#x411;.&#x410;. &#x41B;&#x435;&#x441;&#x43D;&#x438;&#x446;&#x43A;&#x438;&#x439;, &#x410;.&#x422;. &#x428;&#x435;&#x43B;&#x443;&#x434;&#x44C;&#x43A;&#x43E;, &#x41A;.&#x412;. &#x410;&#x442;&#x435;&#x43C;&#x430;&#x441;&#x43E;&#x432;</subfield>
  </datafield>
  <datafield tag="516" ind1="0" ind2=" ">
    <subfield code="a">&#x41A;&#x41F;&#x422; &#x432; &#x446;&#x438;&#x444;&#x440;&#x430;&#x445;</subfield>
  </datafield>
  <datafield tag="532" ind1="1" ind2="1">
    <subfield code="a">&#x41A;&#x43E;&#x43C;&#x43C;&#x443;&#x43D;&#x438;&#x441;&#x442;&#x438;&#x447;&#x435;&#x441;&#x43A;&#x430;&#x44F; &#x43F;&#x430;&#x440;&#x442;&#x438;&#x44F; &#x422;&#x443;&#x440;&#x43A;&#x43C;&#x435;&#x43D;&#x438;&#x441;&#x442;&#x430;&#x43D;&#x430; &#x432; &#x446;&#x438;&#x444;&#x440;&#x430;&#x445; (&#x442;&#x44B;&#x441;&#x44F;&#x447;&#x430; &#x434;&#x435;&#x432;&#x44F;&#x442;&#x44C;&#x441;&#x43E;&#x442; &#x434;&#x432;&#x430;&#x434;&#x446;&#x430;&#x442;&#x44C; &#x447;&#x435;&#x442;&#x432;&#x435;&#x440;&#x442;&#x44B;&#x439; - 1974)</subfield>
  </datafield>
  <datafield tag="601" ind1="0" ind2="2">
    <subfield code="a">&#x41A;&#x41F; &#x422;&#x443;&#x440;&#x43A;&#x43C;&#x435;&#x43D;&#x438;&#x441;&#x442;&#x430;&#x43D;&#x430;</subfield>
    <subfield code="x">&#x420;&#x43E;&#x441;&#x442; &#x438; &#x440;&#x435;&#x433;&#x443;&#x43B;&#x438;&#x440;&#x43E;&#x432;&#x430;&#x43D;&#x438;&#x435; &#x441;&#x43E;&#x441;&#x442;&#x430;&#x432;&#x430;</subfield>
    <subfield code="j">&#x421;&#x442;&#x430;&#x442;&#x438;&#x441;&#x442;&#x438;&#x43A;&#x430;</subfield>
    <subfield code="2">psbo</subfield>
  </datafield>
  <datafield tag="601" ind1="0" ind2="2">
    <subfield code="a">&#x41A;&#x41F; &#x422;&#x443;&#x440;&#x43A;&#x43C;&#x435;&#x43D;&#x438;&#x441;&#x442;&#x430;&#x43D;&#x430;</subfield>
    <subfield code="x">&#x418;&#x441;&#x442;&#x43E;&#x440;&#x438;&#x44F;</subfield>
    <subfield code="j">&#x414;&#x43E;&#x43A;&#x443;&#x43C;&#x435;&#x43D;&#x442;&#x44B; &#x438; &#x43C;&#x430;&#x442;&#x435;&#x440;&#x438;&#x430;&#x43B;&#x44B;</subfield>
    <subfield code="2">psbo</subfield>
  </datafield>
  <datafield tag="702" ind1=" " ind2="1">
    <subfield code="a">&#x41B;&#x435;&#x441;&#x43D;&#x438;&#x446;&#x43A;&#x438;&#x439;</subfield>
    <subfield code="b">&#x411;.&#x410;.</subfield>
    <subfield code="4">220</subfield>
  </datafield>
  <datafield tag="702" ind1=" " ind2="1">
    <subfield code="a">&#x428;&#x435;&#x43B;&#x443;&#x434;&#x44C;&#x43A;&#x43E;</subfield>
    <subfield code="b">&#x410;.&#x422;.</subfield>
    <subfield code="4">220</subfield>
  </datafield>
  <datafield tag="702" ind1=" " ind2="1">
    <subfield code="a">&#x410;&#x442;&#x435;&#x43C;&#x430;&#x441;&#x43E;&#x432;</subfield>
    <subfield code="b">&#x41A;.&#x412;.</subfield>
    <subfield code="4">220</subfield>
  </datafield>
  <datafield tag="702" ind1=" " ind2="1">
    <subfield code="a">&#x41A;&#x43E;&#x440;&#x43E;&#x43B;&#x44C;&#x43A;&#x43E;&#x432;&#x430;</subfield>
    <subfield code="b">&#x410;.&#x410;.</subfield>
    <subfield code="4">220</subfield>
  </datafield>
  <datafield tag="712" ind1="0" ind2="2">
    <subfield code="a">&#x418;&#x43D;&#x441;&#x442;&#x438;&#x442;&#x443;&#x442; &#x438;&#x441;&#x442;&#x43E;&#x440;&#x438;&#x438; &#x43F;&#x430;&#x440;&#x442;&#x438;&#x438;</subfield>
    <subfield code="c">&#x410;&#x448;&#x445;&#x430;&#x431;&#x430;&#x434;</subfield>
    <subfield code="3">RU\NLR\AUTH\8810065796</subfield>
    <subfield code="9">633192</subfield>
  </datafield>
  <datafield tag="801" ind1=" " ind2="0">
    <subfield code="a">RU</subfield>
    <subfield code="b">NLR</subfield>
    <subfield code="g">psbo</subfield>
  </datafield>
  <datafield tag="801" ind1=" " ind2="1">
    <subfield code="a">RU</subfield>
    <subfield code="b">ELAR</subfield>
    <subfield code="2">rusmarc</subfield>
  </datafield>
  <datafield tag="852" ind1=" " ind2=" ">
    <subfield code="a">NLR</subfield>
    <subfield code="j">75-5/1137</subfield>
  </datafield>
  <datafield tag="942" ind1=" " ind2=" ">
    <subfield code="c">BOOK</subfield>
  </datafield>
  <datafield tag="980" ind1=" " ind2=" ">
    <subfield code="a">NB</subfield>
  </datafield>
  <datafield tag="995" ind1=" " ind2=" ">
    <subfield code="5">2013-10-26</subfield>
    <subfield code="b">NLR01</subfield>
    <subfield code="c">NLR01</subfield>
    <subfield code="e">RF91</subfield>
    <subfield code="f">1-4341178</subfield>
    <subfield code="k">75-5/1137</subfield>
    <subfield code="o">0</subfield>
    <subfield code="r">BOOK</subfield>
    <subfield code="s">7551137_</subfield>
  </datafield>
</record>
